Zber a uskladňovanie zemiakov /

Hlavní autor: Hlaváč, Ján
Jazyk: Slovenština
Vydáno: Bratislava : Pôdohospodárske vydavateľstvo, 1966
Vydání: Vyd. 1.
Edice: Edícia Povereníctva SNR pre pôdohospodárstvo
Témata:
Fyzický popis: 46 s. : il. ; 21 cm
Knihy
Uloženo v:
LEADER 01127nam a22003372a 4500
001 001636738
003 CZ BrMZK
005 20180820125008.0
007 ta
008 180629s1966 xo a er|||||||||||slo d
040 |a BOA001  |b cze  |e aacr2 
072 7 |a 633  |x Rostlinná výroba  |2 Konspekt  |9 24 
080 |a 633.491  |2 MRF 
080 |a 631.55  |2 MRF 
080 |a (041)  |2 MRF 
100 1 |a Hlaváč, Ján  |7 jx20081015008  |4 aut 
245 1 0 |a Zber a uskladňovanie zemiakov /  |c Ján Hlaváč 
250 |a Vyd. 1. 
260 |a Bratislava :  |b Pôdohospodárske vydavateľstvo,  |c 1966 
300 |a 46 s. :  |b il. ;  |c 21 cm 
490 1 |a Edícia Povereníctva SNR pre pôdohospodárstvo ;  |v č. 30 
500 |a 3500 výt. 
650 0 7 |a brambory  |7 ph114194  |2 czenas 
650 0 7 |a sklizeň zemědělských plodin  |7 ph241145  |2 czenas 
653 0 |a uskladnění brambor 
655 7 |a brožury  |7 fd131925  |2 czenas 
830 0 |a Edícia Povereníctva SNR pre pôdohospodárstvo 
910 |a BOA001  |b X-0565.054 
990 |a BK 
991 |b 201806 
996 7 |b 2618935098  |c X-0565.054  |l MZK  |r Sklad / do 24 hodin  |n 0  |w 001672657  |u 000010  |a 1  |e BOA001  |j MZK50  |s A